000 00300 a2200145 4500
001 173031
020 _a
040 _cMagnum
100 _aOrthof, Sylvia
240 1 0 _aUma estoria de telhados
_lpor
245 1 0 _aUma estoria de telhados
362 0 _a1899
697 _aIJ/ANIMAIS
942 _cBK
999 _c173031
_d173031